000
00328nam a22001457a 4500
003
OSt
008
250519b |||||||| |||| 00| 0 eng d
100
_a
SHASTRI, Omprakash
245
_a
Prarthna Parbodh
250
_a
11th
260
_a
New Delhi
_b
Arya Prakashan
_c
2011
300
_a
56
650
_a
General
942
_2
ddc
_c
BK
999
_c
13592
_d
13592